000 00460nam a2200181Ia 4500
005 20250326124843.0
008 250326s9999 xx 000 0 und d
037 _aTextbook
040 _aFMSL
_beng
_cFMSL
041 _aeng
_2eng
084 _aX:8D L6
_qFMSL
100 _aMurty V S
245 0 _aManagement fice
_cMurty V S
260 _aBombay
_bBombay, Vakils
_c1976
300 _a473p
942 _cTB
_hX:8D L6
999 _c1275517
_d1275517